000 00593 a2200205 4500
999 _c9739
_d9739
022 _INo ISSN
050 _aKTL19.A35SOU1985
100 _aFisher, D. S.
_eeditor
245 _aSouth African law reports:
_b1985 (2)-May /
_cD. S. Fisher et al...
264 _aCape Town:
_bJuta & Company,
_c1985
300 _a627p. :
500 _aSouth African Law Reports
650 _aLaw reports -- South Africa
651 _aSouth Africa
700 _aBarrow O .J
_eeditor
700 _akoch D,M
_eeditor
700 _aKrynauw B
_eeditor
700 _aScholtz W,M
942 _2lcc
_cSERIALS
_h19
_iSOU
_kKTL